Thomae Schwencke ... Haematologia sive Sanguinis historia, experimentis passim superstructa (Record no. 164995)

MARC details
000 -LEADER
campo de control de longitud fija 01016nam a2200229 i 4500
001 - NÚMERO DE CONTROL
campo de control 164995
003 - IDENTIFICADOR DE NÚMERO DE CONTROL
campo de control ES-MaACL
005 - FECHA Y HORA DE LA ÚLTIMA TRANSACCIÓN
campo de control 20230906213040.0
008 - DATOS DE LONGITUD FIJA--INFORMACIÓN GENERAL
campo de control de longitud fija 050811s1743 ne |||| | lat d
100 1# - ENTRADA PRINCIPAL--NOMBRE DE PERSONA
Nombre de persona Schwencke, Thomas.
9 (RLIN) 132583
245 10 - MENCIÓN DEL TÍTULO
Título Thomae Schwencke ... Haematologia sive Sanguinis historia, experimentis passim superstructa
Resto del título : accedit observatio anatomica de acetabuli ligamento interno, caput femoris firmante, cum binis Tabulis adjectis.
246 30 - FORMA VARIANTE DEL TITULO
Título propio/Titulo breve Haematologia sive Sanguinis historia
260 ## - PUBLICACIÓN, DISTRIBUCIÓN, ETC.
Lugar de publicación, distribución, etc. Hagae Comitum :
Nombre del editor, distribuidor, etc. apud Joh. Mart. Husson,
Fecha de publicación, distribución, etc. 1743.
300 ## - DESCRIPCIÓN FÍSICA
Extensión XVI, 217 p., [2] en bl., [2] h. pleg. de grab. ;
Dimensiones 8º.
530 ## - NOTA DISPONIBLE DE FORMULARIO FÍSICO ADICIONAL
Nota de formato físico adicional disponible Disponible en formato digital.
597 ## - NOTA DE DESCRIPCIÓN FÍSICA
NOTA DE DESCRIPCIÓN FÍSICA Sign.: *\p8\s, A-N\p8\s, O\p6\s.
650 #4 - PUNTO DE ACCESO ADICIONAL DE MATERIA--TÉRMINO DE MATERIA
Término de materia o nombre geográfico como elemento de entrada Hematología.
9 (RLIN) 13300
650 04 - PUNTO DE ACCESO ADICIONAL DE MATERIA--TÉRMINO DE MATERIA
Término de materia o nombre geográfico como elemento de entrada Sangre.
9 (RLIN) 16981
752 ## - ENTRADA AGREGADA--NOMBRE JERÁRQUICO DEL LUGAR
País o entidad superior Holanda -
Ciudad La Haya
852 ## - LOCALIZACIÓN
Ubicación ES-MaACL
Número de control de estantería R-1081
Nota libre - Enc. hol.
Encuadernación Olim: G-9585
856 ## - LOCALIZACIÓN Y ACCESO ELECTRÓNICOS
Identificador Uniforme de Recursos <a href="https://reader.digitale-sammlungen.de/resolve/display/bsb11269764.html">https://reader.digitale-sammlungen.de/resolve/display/bsb11269764.html</a>
Nota pública Bavarian State Library
Holdings
Estatus retirado Estado de pérdida Estado de daño No para préstamo Colección Biblioteca de origen Biblioteca actual Ubicación en estantería Fecha de adquisición Fuente de adquisición Total de préstamos Signatura topográfica completa Código de barras Visto por última vez Precio de reemplazo Tipo de ítem Koha
        Colección digital Biblioteca del Ateneo de Madrid Biblioteca del Ateneo de Madrid Depósito 17/01/2008     R-1081 1172965 23/02/2023 23/02/2023 Libro impreso antiguo